Science And Technology In India Through The Ages (Record no. 18038)

MARC details
000 -LEADER
fixed length control field 00472nam a2200157Ia 4500
008 - FIXED-LENGTH DATA ELEMENTS--GENERAL INFORMATION
fixed length control field 220803s9999 xx 000 0 und d
041 ## - LANGUAGE CODE
Language code of text/sound track or separate title eng
082 ## - DEWEY DECIMAL CLASSIFICATION NUMBER
Classification number 681 SRI/NAR
100 ## - MAIN ENTRY--PERSONAL NAME
Personal name Srivathsa B K Ed.
9 (RLIN) 28514
245 ## - TITLE STATEMENT
Title Science And Technology In India Through The Ages
260 ## - PUBLICATION, DISTRIBUTION, ETC. (IMPRINT)
Place of publication, distribution, etc. Karnataka
Name of publisher, distributor, etc. Academy Of Sanskrit Research
Date of publication, distribution, etc. 2003
300 ## - PHYSICAL DESCRIPTION
Extent 110p
500 ## - GENERAL NOTE
Keywords Architecture
650 ## - SUBJECT ADDED ENTRY--TOPICAL TERM
Topical term or geographic name as entry element Architecture..
9 (RLIN) 28515
700 ## - ADDED ENTRY--PERSONAL NAME
Personal name Narasimhan M A Ed. Srivathsa B K Ed.
9 (RLIN) 28516
Holdings
Withdrawn status Lost status Damaged status Not for loan Home library Current library Shelving location Date acquired Full call number Barcode Date last seen Bill Date Koha item type Original Barcode
      Reference Dr. Bhanuben Nanavati College of Architecture Dr. Bhanuben Nanavati College of Architecture   13/09/2011 681 SRI/NAR BNCA-DB-564 03/08/2022 03/08/2022 Donated Book DB000564